Transparency in professional fees (Record no. 109483)

MARC details
000 -LEADER
fixed length control field 01678cad a22002175a 4500
001 - CONTROL NUMBER
control field E147220
008 - FIXED-LENGTH DATA ELEMENTS--GENERAL INFORMATION
fixed length control field 090417s2009 xxk f 000 0 eng d
035 ## - SYSTEM CONTROL NUMBER
System control number (Sirsi) u147220
041 0# - LANGUAGE CODE
Language code of text/sound track or separate title eng
050 04 - LIBRARY OF CONGRESS CALL NUMBER
Classification number 331.2166 $2 18
245 00 - TITLE STATEMENT
Title Transparency in professional fees
Remainder of title an RICS consultation document
Medium [electronic resource]
260 ## - PUBLICATION, DISTRIBUTION, ETC.
Place of publication, distribution, etc. [London]
Name of publisher, distributor, etc. RICS
Date of publication, distribution, etc. [2009]
505 2# - FORMATTED CONTENTS NOTE
Formatted contents note Part 1 Foreword -- Part 2 Information about the consultation -- Part 3 Transparency: setting the scene -- Part 4 The key issues -- Part 5 Appendix A: consultation list
520 ## - SUMMARY, ETC.
Summary, etc. At the end of last year RICS established a Transparency Working Group (TWG) to look at the subject of transparency in property transactions and services. As a result RICS is seeking to gather evidence on the transparency of fees charged by agents. This consultation is part of that process and will cover: declaration of insurance remuneration and commissions; service charges in leasehold property; commission on letting renewals; commission on Home Information Pack orders and Energy Performance Certificates; valuation fees; arrangement of fees for security loan valuations. In addition the TWG intends to meet with key stakeholders and, where practical, hold public select committee style meetings, where the Group can question stakeholders and examine their evidence. The deadline for responses is 10 July 2009.
521 ## - TARGET AUDIENCE NOTE
Target audience note Advanced
590 ## - LOCAL NOTE (RLIN)
Local note KA
651 #4 - SUBJECT ADDED ENTRY--GEOGRAPHIC NAME
Geographic name United Kingdom
Chronological subdivision
690 ## - LOCAL SUBJECT ADDED ENTRY--TOPICAL TERM (OCLC, RLIN)
Topical term or geographic name as entry element MANAGEMENT-BUSINESS MANAGEMENT-FEES
856 40 - ELECTRONIC LOCATION AND ACCESS
Uniform Resource Identifier <a href="https://www.rics.org/Global/Downloads/transparency-project-consultation-document.pdf">https://www.rics.org/Global/Downloads/transparency-project-consultation-document.pdf</a>
Public note View the consultation free of charge at www.rics.org...
942 ## - ADDED ENTRY ELEMENTS (KOHA)
Suppress in OPAC 0
Holdings
Withdrawn status Lost status Source of classification or shelving scheme Damaged status Not for loan Home library Current library Shelving location Date acquired Total Checkouts Full call number Barcode Date last seen Copy number Price effective from Koha item type
    Dewey Decimal Classification     Virtual Virtual Online 17/04/2009   ONLINE PUBLICATION 147220-2001 06/08/2019 1 06/08/2019 Book